000 00743nam a2200241 i 4500
001 C2-0319838
003 PPAK
005 20180728115502.0
008 121114s2012 my a|||| ||||| | eng d
040 _aPPAK
_beng
_cPPAK
_erda
082 0 4 _a327.52005
_223
090 0 0 _a327.52005
_bMIN
_dR
110 2 _aMinistry of Foreign Affairs
245 0 0 _aDiplomatic bluebook 2012 summary
264 1 _aPulau pinang :
_bMinistry of Foreign Affairs, Japan ,
_c2012
300 _a48 pages :
_billustrations ;
_c26 cm.
336 _2rdacontent
_atext
337 _2rdamedia
_aunmediated
338 _2rdacarrier
_avolume
650 1 0 _aJapan - Foreign relations - Periodicals
710 2 _aMinistry of Foreign Affairs
_eorganizer
942 _ddc
_cB
999 _c120641
_d120641